ՀՀ Գիտությունների ազգային ակադեմիայի հիմնարար գիտական գրադարան  =   Fundamental Scientific Library of NAS RA

Фараон Мирзоян / (Record no. 135691)

MARC details
000 -LEADER
fixed length control field 00870nam a2200229 a 4500
001 - CONTROL NUMBER
control field 000354034
003 - CONTROL NUMBER IDENTIFIER
control field AM-YEHGA
005 - DATE AND TIME OF LATEST TRANSACTION
control field 20250811114213.0
008 - FIXED-LENGTH DATA ELEMENTS--GENERAL INFORMATION
fixed length control field 040722s1984 ru a||||r|||||000|0|rus|d
040 ## - CATALOGING SOURCE
Original cataloging agency AM-YEHGA
041 0# - LANGUAGE CODE
Language code of text/sound track or separate title rus
100 1# - MAIN ENTRY--PERSONAL NAME
Personal name Միրզոյան, Փարավոն Միքայելի,
Dates associated with a name 1949-
9 (RLIN) 3767
245 10 - TITLE STATEMENT
Title Фараон Мирзоян /
Statement of responsibility, etc. Ф. Мирзоян ; Авт. вступ. ст. и сост. К.Г. Мискарян.
260 ## - PUBLICATION, DISTRIBUTION, ETC.
Place of publication, distribution, etc. Москва :
Name of publisher, distributor, etc. Сов. художник,
Date of publication, distribution, etc. 1984.
300 ## - PHYSICAL DESCRIPTION
Extent 48 с. :
Other physical details цв. ил.
440 #0 - SERIES STATEMENT/ADDED ENTRY--TITLE
Title Новые имена
600 14 - SUBJECT ADDED ENTRY--PERSONAL NAME
Personal name Միրզոյան, Փարավոն Միքայելի,
Dates associated with a name 1949-
9 (RLIN) 3767
650 14 - SUBJECT ADDED ENTRY--TOPICAL TERM
Topical term or geographic name entry element Живопись
653 0# - INDEX TERM--UNCONTROLLED
Uncontrolled term Армянская советская живопись
700 1# - ADDED ENTRY--PERSONAL NAME
Personal name Мискарян, Каринэ Грантовна
Relator term сост.
Relationship com
942 ## - ADDED ENTRY ELEMENTS (KOHA)
Koha item type Գրքեր / Books
Source of classification or shelving scheme Universal Decimal Classification
Holdings
Withdrawn status Lost status Source of classification or shelving scheme Damaged status Not for loan Collection Home library Current library Date acquired Total checkouts Full call number Barcode Date last seen Price effective from Koha item type Public note
    Universal Decimal Classification     General Fundamental Scientific Library Fundamental Scientific Library 22/12/2016   PI/54681 110054681 22/12/2016 22/12/2016 Գրքեր / Books 30 Days Loan
    Universal Decimal Classification     General Fundamental Scientific Library Fundamental Scientific Library 22/12/2016   PI/54798 110054798 22/12/2016 22/12/2016 Գրքեր / Books 30 Days Loan
          General Fundamental Scientific Library Fundamental Scientific Library 25/10/2024   РI/64903 FL0685201 25/10/2024 25/10/2024 Գրքեր / Books 30 Days Loan


ՀՀ ԳԱԱ հիմնարար գիտական գրադարան
ՀՀ,Երևան 0019
Մարշալ Բաղրամյան 24/6
հեռախոս:(374-10) 52-47-50
Հետադարձ կապ

All site content, except where otherwise noted, is licensed under a
Creative Commons License